000 00225nam a2200097Ia 4500
008 240331s9999 xx 000 0 und d
082 _bSHA
100 _aSharaj
245 0 _aVadakkantharayil ammavin parambarai veedu
942 _cL
999 _c4722
_d4722